Soccer first names - Statistics

General Stats
  • This quiz has been taken 1,307 times
  • The average score is 10 of 15
Answer Stats
Hint Answer % Correct
Ozil Mesut
96%
Rakitic Ivan
88%
Robben Arjen
87%
Fabregas Francesc
87%
Dzeko Edin
81%
Mascherano Javier
78%
Matuidi Blaise
75%
Turan Arda
73%
Falcao Radamel
71%
Llorente Fernando
59%
Pjanic Miralem
57%
Hamsik Marek
54%
Fletcher Darren
45%
Blaszczykowski Jakub
45%
Lavezzi Ezequiel
39%
No matching quizzes found
Score Distribution
Percent of People with Each Score
Percentile by Number Answered
Your Score History
You have not taken this quiz